书目信息 |
| 题名: |
通天之地
|
|
| 作者: | 张晖 编著 | |
| 分册: | ||
| 出版信息: | 重庆 重庆出版社 2007.09 |
|
| 页数: | 220页 | |
| 开本: | 24cm | |
| 丛书名: | 天山南北丛书 | |
| 单 册: | ||
| 中图分类: | K294.54 | |
| 科图分类: | ||
| 主题词: | 文化史--概况--青河县 | |
| 电子资源: | ||
| ISBN: | 978-7-5366-9011-0 | |
| 000 | 00913nam0 2200253 450 | |
| 001 | 1031964483 | |
| 005 | 20100713090558.81 | |
| 010 | @a978-7-5366-9011-0@dCNY39.80 | |
| 100 | @a20100515d2007 km y0chiy0120 ea | |
| 101 | 0 | @achi |
| 102 | @aCN | |
| 105 | @ay z 000yy | |
| 200 | 1 | @a通天之地@Atong tian zhi di@e新疆青河田野人文记录@f张晖编著@Fzhang hui bian zhu |
| 210 | @a重庆@c重庆出版社@d2007.09 | |
| 215 | @a220页@d24cm | |
| 225 | 2 | @a天山南北丛书 |
| 330 | @a本书记叙了探索阿尔泰山及青河县世界之谜的最新发现与破解,包括大汗的挽歌-秘域青河与一代天骄归宿之谜、鹿死谁手-荒原巨石爆出天猎谜团、通途变天堑-举世罕见的卡拉先格尔地震断裂带等内容。 | |
| 410 | 0 | @12001 @a天山南北丛书 |
| 517 | 1 | @a新疆青河田野人文记录@Axin jiang qing he tian ye ren wen ji lu |
| 606 | 0 | @a文化史@x概况@y青河县 |
| 690 | @aK294.54@v4 | |
| 701 | 0 | @a张晖@Azhang hui@4编著 |
| 801 | 0 | @aCN@c20100515 |
| 905 | @dK294.54@eZ113@f3 | |
| 通天之地:新疆青河田野人文记录/张晖编著.-重庆:重庆出版社,2007.09 |
| 220页;24cm.-(天山南北丛书) |
| ISBN 978-7-5366-9011-0:CNY39.80 |
| 本书记叙了探索阿尔泰山及青河县世界之谜的最新发现与破解,包括大汗的挽歌-秘域青河与一代天骄归宿之谜、鹿死谁手-荒原巨石爆出天猎谜团、通途变天堑-举世罕见的卡拉先格尔地震断裂带等内容。 |
| ● |
| 相关链接 |
|
|
|
正题名:通天之地
索取号:K294.54/Z113
 
预约/预借
| 序号 | 登录号 | 条形码 | 馆藏地/架位号 | 状态 | 备注 |
| 1 | 990861 | 209908616 | 社科库309/309社科库 38排6列1层/ [索取号:K294.54/Z113] | 在馆 | |
| 2 | 990862 | 209908625 | 社科库309/309社科库 38排6列1层/ [索取号:K294.54/Z113] | 在馆 | |
| 3 | 990863 | 209908634 | 自科二线404/309社科库 42排3列6层/ [索取号:K294.54/Z113] | 在馆 |